[Event "Helsinki op"]
[Site "Helsinki"]
[Date "1991.??.??"]
[Round "?"]
[White "Scholseth, Tor Kristian"]
[Black "Kiik, Kalle"]
[Result "1/2-1/2"]
[WhiteElo "2320"]
[BlackElo "2425"]

1.d4 Nf6 2.c4 e6 3.g3 Bb4+ 4.Bd2 Qe7 5.Bg2 Nc6 6.Nf3 Bxd2+ 7.Qxd2 Ne4 8.Qc2 Qb4+
9.Kf1 d5 10.a3 Qe7 11.Nc3 Nxc3 12.Qxc3 O-O 13.Rc1 a5 14.h3 a4 15.Kg1 Bd7
16.Kh2 Rfc8 17.Rhe1 Na5 18.Nd2 Bc6 19.e4 dxe4 20.Nxe4 Nb3 21.Rcd1 Rd8 22.d5 exd5
23.cxd5 Bxd5 24.Nd6 Qxd6 25.Bxd5 Qc5 26.Qf3 Rf8 27.Bxb7 Rab8 28.Bd5 h6 29.Qe3 Qb5
30.Qd3 Qb6 31.Kg1 c5 32.Qc4 Nd4 33.Re7 Qf6 34.Qxc5 Rb5 35.Bxf7+ Qxf7 36.Rxf7 Ne2+
37.Kf1 Nxg3+ 38.Kg2 Rxc5 39.Rxf8+ Kxf8 40.Kxg3 Rc2 41.Rd4 Rxb2 42.Rxa4 Kf7
43.Ra6 Rb3+ 44.f3 Rb1 45.a4 Rg1+ 46.Kf2 Rh1 47.Kg2 Ra1 48.a5 Ra4 49.Ra8 Kg6
50.Kg3 Kh7 51.a6 Kg6 52.Kf2  1/2-1/2

[Event "FIN-SWE"]
[Site "Helsinki"]
[Date "1991.??.??"]
[Round "2"]
[White "Wessman, Richard"]
[Black "Raaste, Eero J"]
[Result "1/2-1/2"]
[WhiteElo "2460"]
[BlackElo "2360"]

1.d4 Nf6 2.c4 e6 3.g3 Bb4+ 4.Bd2 a5 5.Bg2 d6 6.Nf3 O-O 7.O-O Bxd2 8.Qxd2 Nbd7
9.Nc3 e5 10.dxe5 dxe5 11.Rfd1 Qe7 12.Nd5 Qc5 13.Qg5 c6 14.Nxf6+ Nxf6 15.Qxe5 Qxc4
16.Rd4 Qc2 17.Rd2 Qc4 18.Qd4 Qb5 19.e4 h6 20.e5 Nd5 21.a3 Be6 22.Qe4 Nb6
23.Nd4 Qc4 24.Rc2 Qa4 25.Qe3 Rfd8 26.Nxe6 fxe6 27.b3 Qd4 28.Qe1  1/2-1/2

[Event "JUG-ch"]
[Site "Kladovo"]
[Date "1991.??.??"]
[Round "3"]
[White "Sulava, Nenad"]
[Black "Grosar, Aljosa"]
[Result "1/2-1/2"]
[WhiteElo "2405"]
[BlackElo "2370"]

1.d4 Nf6 2.c4 e6 3.g3 Bb4+ 4.Nc3 c5 5.Nf3 cxd4 6.Nxd4 O-O 7.Bg2 d5 8.cxd5 Nxd5
9.Qb3 Nc6 10.Nxc6 bxc6 11.O-O Qa5 12.Ne4 Ba6 13.Qc2 Be7 14.Bd2 Qb5 15.Rfc1 Rab8
16.Qxc6 Qxc6 17.Rxc6 Bxe2 18.Nc3 Rxb2 19.Bc1 Bb5 20.Nxd5 exd5 21.Bxb2 Bxc6
22.Rc1 Rc8 23.Bh3 Rb8 24.Be5 Rb6 25.Bc7 Ba3 26.Bxb6 Bxc1 27.Bxa7 Ba3 28.Bf1 Kf8
29.f4 Ke7 30.Kf2 Kd6 31.Bd4 g6 32.g4 f5 33.g5 Ba4 34.Bd3 Ke6 35.h4 Bc1 36.Be5 Bc6
37.Bc2 d4 38.Bb3+ Bd5 39.Ke2 Bxb3 40.axb3 Kd5 41.Kd3 Be3 42.b4 Bc1 43.Bc7 Kc6
44.Bb8 Kd5 45.Bc7 Kc6 46.Be5 Kd5  1/2-1/2

[Event "JUG-ch"]
[Site "Kladovo"]
[Date "1991.??.??"]
[Round "7"]
[White "Drazic, Sinisa"]
[Black "Kurajica, Bojan"]
[Result "0-1"]
[WhiteElo "2375"]
[BlackElo "2520"]

1.d4 Nf6 2.c4 e6 3.g3 Bb4+ 4.Bd2 c5 5.Bxb4 cxb4 6.Bg2 O-O 7.Nf3 Qc7 8.Nbd2 a5
9.O-O b6 10.a3 Na6 11.Ne5 Bb7 12.Bxb7 Qxb7 13.Nd3 bxa3 14.bxa3 Rfc8 15.Rb1 Rab8
16.Qa4 d6 17.Rfc1 Ne4 18.Qd1 h6 19.e3 e5 20.Nxe4 Qxe4 21.Ne1 Nc7 22.Qf3 Qg6
23.h4 Qe6 24.d5 Qd7 25.e4 Na6 26.Nd3 Nc5 27.Nxc5 Rxc5 28.Qd3 Qc7 29.Qe3 Rc8
30.Re1 h5 31.Kg2 Rb8 32.Rec1 Rxc4 33.Rxc4 Qxc4 34.Rc1 Qd4 35.Qxd4 exd4 36.Rc6 f5
37.Kf3 b5 38.exf5 Re8 39.Rxd6 d3 40.Re6 Rxe6 41.fxe6 b4 42.axb4 a4 43.d6 Kf8
44.e7+ Kf7 45.Ke3 a3 46.Kxd3 a2 47.Kc4 a1=Q 48.Kd5 Qa8+ 49.Kc5 Ke6  0-1

[Event "ESP-chT"]
[Site "Linares"]
[Date "1991.??.??"]
[Round "?"]
[White "Giorgadze, Tamaz"]
[Black "Milos, Gilberto"]
[Result "1-0"]
[WhiteElo "2525"]
[BlackElo "2530"]

1.d4 Nf6 2.c4 e6 3.g3 Bb4+ 4.Bd2 Bxd2+ 5.Qxd2 O-O 6.Bg2 d5 7.Nf3 Qe7 8.O-O Rd8
9.Qc2 Nc6 10.cxd5 exd5 11.Nc3 Bg4 12.e3 Nb4 13.Qb3 c6 14.a3 Na6 15.Qc2 Nc7
16.b4 Bxf3 17.Bxf3 Ne6 18.Bg2 h5 19.h3 Ng5 20.Rac1 a6 21.Qe2 h4 22.gxh4 Nge4
23.Nxe4 Nxe4 24.Bxe4 Qxe4 25.Qg4 Qh7 26.Kh2 Re8 27.Rg1 Rad8 28.Rg2 Re4 29.Qg5 Rf8
30.h5 f6  1-0

[Event "Lyngby op"]
[Site "Lyngby"]
[Date "1991.??.??"]
[Round "4"]
[White "Fedder, Steen"]
[Black "Holst, Allan"]
[Result "1/2-1/2"]
[WhiteElo "2400"]
[BlackElo "2275"]

1.d4 Nf6 2.c4 e6 3.g3 Bb4+ 4.Nd2 O-O 5.Bg2 d5 6.Nf3 c5 7.dxc5 Nc6 8.O-O Bxc5
9.Nb3 Be7 10.cxd5 Nxd5 11.Nfd4 Nxd4 12.Nxd4 Qb6 13.e4 Nb4 14.Nb3 Rd8 15.Qf3 Nc2  1/2-1/2

[Event "Lyngby op"]
[Site "Lyngby"]
[Date "1991.??.??"]
[Round "4"]
[White "Andersen, Dan"]
[Black "Arkell, Keith C"]
[Result "1-0"]
[WhiteElo "2260"]
[BlackElo "2455"]

1.d4 Nf6 2.c4 e6 3.g3 Bb4+ 4.Bd2 Qe7 5.a3 Bxd2+ 6.Qxd2 d6 7.Bg2 e5 8.d5 a5
9.b3 Nbd7 10.Nc3 Nc5 11.Qc2 O-O 12.Rb1 e4 13.b4 axb4 14.axb4 Nd3+ 15.Kf1 Nxf2
16.Kxf2 Ng4+ 17.Ke1 f5 18.e3 Nxe3 19.Qe2 Nxg2+ 20.Qxg2 f4 21.gxf4 Rxf4 22.Nge2 Rf3
23.Kd2 Bh3 24.Qg1 e3+ 25.Kc2 Bf5+ 26.Kb3 Bxb1 27.Qxb1 Rf2 28.Qd3 Qe5 29.h4 Re8
30.Rg1 Qh2 31.Rg4 Qh1 32.Qd4 g6 33.Rg1 Qh2 34.Qg4 Kh8 35.Rg3 Qh1 36.Qd7 Rff8
37.h5 Rd8 38.Qxc7 Qxh5 39.Nf4 Qh6 40.Rh3 Rc8 41.Qxc8 Qxf4 42.Qd7 Rf7 43.Qe8+ Kg7
44.Rxe3 h5 45.Qe6 b6 46.Re4 Qg3 47.Re3 Qh4 48.Qe4 Qf6 49.Ne2 Qf1 50.Qd4+ Kh6
51.Nc3 Rf4 52.Re4 Rf3 53.Qd2+ Kg7 54.Re7+ Kf6 55.Re6+ Kf7 56.Rxd6 Qb1+ 57.Ka4 Qa1+
58.Kb5 Qxc3 59.Qh6 Rf6 60.Qh7+ Ke8 61.Qh8+  1-0

[Event "Mar del Plata op"]
[Site "Mar del Plata"]
[Date "1991.??.??"]
[Round "?"]
[White "Piscicelli, Daniel"]
[Black "Slipak, Sergio"]
[Result "1/2-1/2"]
[WhiteElo "2275"]
[BlackElo "2415"]

1.d4 Nf6 2.c4 e6 3.g3 Bb4+ 4.Bd2 a5 5.Bg2 d5 6.Nf3 Nc6 7.Qc2 Ne4 8.e3 O-O
9.O-O Be7 10.Nc3 f5 11.Qb3 Nxc3 12.Bxc3 a4 13.Qc2 Bd7 14.cxd5 exd5 15.Ne1 Be8
16.Nd3 Rf6 17.Rfd1 g6 18.Rac1 Bf7 19.Be1 Qe8 20.Nc5 Nd8 21.Nd3 Rc6 22.Qe2 Rxc1
23.Rxc1 c6 24.Bb4 Bf6 25.Qc2 g5 26.Bd6 Bg6 27.Be5 Be7 28.Qd1 Nf7 29.f4 Nxe5
30.Nxe5 Bd6 31.Qd2 Qe7 32.Bf1 a3 33.b3 Kg7 34.Bd3 Qf6 35.Rf1 g4 36.h3 gxh3
37.Qh2 Bxe5 38.fxe5 Qg5  1/2-1/2

[Event "WchT U26"]
[Site "Maringa"]
[Date "1991.??.??"]
[Round "9"]
[White "Escobedo Tinajero, Alberto"]
[Black "Burnett, Ronald"]
[Result "0-1"]
[WhiteElo "2225"]
[BlackElo "2325"]

1.d4 Nf6 2.c4 e6 3.g3 Bb4+ 4.Bd2 Be7 5.Bg2 d5 6.Nc3 O-O 7.cxd5 exd5 8.Bg5 c6
9.Nf3 Nbd7 10.O-O h6 11.Bf4 Re8 12.Qc2 Nf8 13.Rad1 Ng6 14.Bc1 Bd6 15.Rfe1 Be6
16.Nd2 Qd7 17.e4 Nxe4 18.Ndxe4 Bf5 19.Qb3 dxe4 20.Nxe4 Be6 21.Qc2 Bd5 22.Nxd6 Qxd6
23.Bf1 Bf3 24.Be2 Rxe2 25.Rxe2 Qd7 26.Rd3 Bxe2 27.Qxe2 Re8 28.Qd1 Qd5 29.b3 Rd8
30.Rd2 Nf8 31.Bb2 Ne6 32.Bc3 Ng5 33.Rd3 Nh3+ 34.Kf1 Qh1+ 35.Ke2 Re8+  0-1

[Event "POL-chT"]
[Site "Mikolajki"]
[Date "1991.??.??"]
[Round "3"]
[White "Gleizerov, Evgeny"]
[Black "Jamroz, Zbigniew"]
[Result "1-0"]
[WhiteElo "2485"]
[BlackElo "2230"]

1.d4 Nf6 2.c4 e6 3.g3 Bb4+ 4.Bd2 Bxd2+ 5.Qxd2 d5 6.Bg2 O-O 7.Nf3 Nbd7 8.O-O c6
9.Rc1 Qe7 10.Qe3 Re8 11.Nbd2 e5 12.dxe5 Nxe5 13.Nxe5 Qxe5 14.Qxe5 Rxe5 15.e3 dxc4
16.Nxc4 Re7 17.Na5 Kf8 18.Rd1 Rd7 19.e4 Ke7 20.e5 Ng4 21.Re1 Rd2 22.f3 Nh6
23.b3 Nf5 24.f4 h5 25.Be4 Nd4 26.Nc4 Re2 27.Rxe2 Nxe2+ 28.Kf2 Nc3 29.Bf3 g6
30.Na5 Kd8 31.a3 Nd5 32.Rd1 Kc7 33.Bxd5 cxd5 34.Rxd5 b6 35.Nc4 Be6 36.Rd4 a5
37.Ke3 b5 38.Nd6 Bxb3 39.Nxb5+ Kc6 40.Nc3 Be6 41.Rd1 Rb8 42.Rb1 Rd8 43.Ne4 Rd5
44.Rc1+ Kb6 45.Nd6 Bf5 46.Nxf5 gxf5 47.a4 Rd8 48.Rb1+ Ka7 49.Rb5 Ka6 50.Rb2 Rd1
51.Rd2 Rxd2 52.Kxd2 Kb6 53.Kc3 Kc5 54.h3 Kd5 55.Kd3 Kc5 56.Ke3 Kd5 57.Kf3 Ke6
58.g4 hxg4+ 59.hxg4 fxg4+ 60.Kxg4 f6  1-0

[Event "FRA-ch Acc"]
[Site "Montpellier"]
[Date "1991.??.??"]
[Round "2"]
[White "Verat, Laurent"]
[Black "Bersoult, Francois"]
[Result "1/2-1/2"]
[WhiteElo "2305"]
[BlackElo "2215"]

1.d4 Nf6 2.c4 e6 3.g3 Bb4+ 4.Nd2 c5 5.a3 Bxd2+ 6.Qxd2 cxd4 7.Nf3 Nc6 8.Nxd4 d5
9.Bg2 Qb6 10.Nxc6 bxc6 11.b4 Ba6 12.Bb2 O-O 13.h4 Bxc4 14.h5 Nd7 15.Rh4 Bb5
16.Bh3 f5 17.h6 g6 18.Qc3 e5 19.a4 Ba6 20.O-O-O Qxf2 21.e4 Rae8 22.exf5 gxf5
23.Rf4 Qb6 24.Rxf5 Qd8 25.Qxc6 Rxf5 26.Qxd5+ Kh8 27.Qxd7 Qg5+ 28.Kb1 Rff8
29.Rd6 Bc8 30.Qg7+ Qxg7 31.hxg7+ Kxg7 32.Bxc8 Rxc8 33.Bxe5+ Kg8 34.Rd7 Rf7
35.Rxf7 Kxf7 36.Kb2 Ke6 37.Bf4 Kd5 38.Kb3 h5 39.b5 Kd4 40.Kb4 Kd3 41.Ka5 Rg8
42.Ka6 Rg7 43.Bb8 Kc4 44.Be5 Re7 45.Bf4 Rf7  1/2-1/2

[Event "Moscow7 op"]
[Site "Moscow"]
[Date "1991.??.??"]
[Round "?"]
[White "Savchenko, Stanislav"]
[Black "Demina, Julia"]
[Result "1-0"]
[WhiteElo "2485"]
[BlackElo "2405"]

1.d4 Nf6 2.c4 e6 3.g3 Bb4+ 4.Bd2 Be7 5.Bg2 d5 6.Nf3 O-O 7.O-O c6 8.Bf4 Nbd7
9.Qc2 a5 10.b3 Nh5 11.Bc1 Nhf6 12.Nc3 b6 13.e4 dxe4 14.Nxe4 Bb7 15.Rd1 Nxe4
16.Qxe4 Nf6 17.Qc2 Qc8 18.Bf4 Rd8 19.Re1 h6 20.Rad1 Bb4 21.Re2 c5 22.Be5 cxd4
23.Bxd4 Qc7 24.Ne5 Bxg2 25.Kxg2 Rd6 26.Bb2 Rxd1 27.Qxd1 Rd8 28.Qc1 Qd6 29.Qf4 Qd1
30.Qf3 Rd2 31.Rxd2 Qxd2 32.Nd3 Bc3 33.Bxc3 Qxc3 34.Nf4 Qd4 35.Qd3 Qc5 36.Qd8+ Kh7
37.Nd3 Qf5 38.Qd4 g5 39.Ne5 Kg8 40.h3 Kf8 41.Nf3 h5 42.Qxb6 g4 43.hxg4 hxg4
44.Nd2 Ke7 45.a3 Nd7 46.Qd4 Nc5 47.Qe3 Kd7 48.Kg1 Qc2 49.Qd4+ Ke8 50.Qxc5 Qxd2
51.b4 Qc1+ 52.Kh2 Qxa3 53.Qb5+ Kf8 54.Qxa5 Qd3 55.Qc5+ Ke8 56.Qc6+ Kf8 57.b5  1-0

[Event "Reno op"]
[Site "Reno"]
[Date "1991.??.??"]
[Round "?"]
[White "Silman, Jeremy D"]
[Black "Orlov, Georgi"]
[Result "0-1"]
[WhiteElo "2380"]
[BlackElo "2500"]

1.d4 Nf6 2.c4 e6 3.g3 Bb4+ 4.Bd2 Qe7 5.Bg2 Nc6 6.Nf3 Bxd2+ 7.Nbxd2 d6 8.e4 e5
9.d5 Nb8 10.b4 O-O 11.O-O c6 12.Ne1 a5 13.a3 cxd5 14.cxd5 Bd7 15.Nd3 Bb5
16.Qb3 a4 17.Qc2 Nbd7 18.Rfc1 Qd8 19.Bf1 Qb6 20.Nb2 Bxf1 21.Kxf1 Qd4 22.f3 Rac8
23.Qxc8 Rxc8 24.Rxc8+ Nf8 25.Rc2 b5 26.Re1 g5 27.Kg2 h5 28.Nd1 Qd3 29.Ra2 g4
30.Nf2 Qc3 31.fxg4 Nxg4 32.Nxg4 hxg4 33.h3 gxh3+ 34.Kxh3 Nh7 35.Kg2 Ng5 36.Kf2 Qc8
37.Nf3 Nh3+ 38.Kg2 Qg4 39.Rd2 Nf4+ 40.Kf2 Nh5 41.Rc2 Qxg3+ 42.Ke3 Nf6 43.Rg1 Ng4+  0-1

[Event "UKR-chT"]
[Site "Simferopol"]
[Date "1991.??.??"]
[Round "?"]
[White "Maksimenko, Andrei"]
[Black "Karpman, Vadim"]
[Result "1/2-1/2"]
[WhiteElo "2345"]
[BlackElo "2475"]

1.d4 Nf6 2.c4 e6 3.g3 Bb4+ 4.Bd2 Be7 5.Bg2 d5 6.Nf3 O-O 7.O-O c6 8.Qc2 b6
9.Rd1 Ba6 10.b3 Nbd7  1/2-1/2

[Event "SWZ-chT"]
[Site "?"]
[Date "1991.??.??"]
[Round "?"]
[White "Huebner, Robert"]
[Black "Franzoni, Giancarlo"]
[Result "1/2-1/2"]
[WhiteElo "2620"]
[BlackElo "2445"]

1.d4 Nf6 2.c4 e6 3.g3 Bb4+ 4.Nd2 c5 5.a3 Bxd2+ 6.Qxd2 cxd4 7.Nf3 O-O 8.Bg2 d5
9.cxd5 Qxd5 10.Qxd4 Nc6 11.Qxd5 Nxd5 12.O-O Bd7 13.Bd2 Rfd8 14.Rac1 Rac8
15.Rfd1 h6 16.Kf1 Be8 17.Ne1 Nce7 18.Rxc8 Rxc8 19.Rc1 Rxc1 20.Bxc1 Bc6 21.Nc2 Nf6
22.Bh3 Ba4 23.Nd4 Nc6 24.Nxc6 Bxc6 25.Be3 a6 26.Bc5 Ne4 27.Bb4 Ng5 28.Bg2 Bxg2+
29.Kxg2 Ne4 30.f3 Nf6 31.e4 Nd7 32.Kf2 Kh7 33.Ke3 Kg8 34.Kd4 Kh7 35.b3 Kg8
36.f4 Kh7 37.f5 g6 38.Be7 gxf5 39.exf5 Kg7 40.Ke4 Kh7 41.g4 Kg7 42.Kf4 Kh7
43.Bb4 Kg8 44.h3 Kg7 45.Bc3+ Kh7 46.Bd4 Kg8 47.h4 Kh7 48.g5 hxg5+ 49.hxg5 Kg8
50.fxe6 fxe6 51.g6 Kf8 52.b4 b5 53.Kg5 Kg8 54.Kg4 Kf8 55.Kf4 Kg8 56.Kg5 Kf8
57.g7+ Kg8 58.Kg6 e5 59.Ba7 e4 60.Bd4 e3 61.Bxe3 Ne5+ 62.Kf5 Nc4 63.Bc1 Kxg7
64.Ke6 Kf8 65.Kd7 Kf7 66.Kc6 Ke6 67.Kb7 Kd5 68.Kxa6 Kc6 69.Ka7 Nb6 70.Kb8 Nc4
71.Kc8 Nb6+ 72.Kd8 Kd6 73.Bf4+  1/2-1/2

[Event "Sydney Mercantile"]
[Site "Sydney"]
[Date "1991.??.??"]
[Round "4"]
[White "Gedevanishvili, Dmitry"]
[Black "Johansen, Darryl K"]
[Result "1/2-1/2"]
[WhiteElo "2400"]
[BlackElo "2465"]

1.d4 Nf6 2.c4 e6 3.g3 Bb4+ 4.Bd2 Qe7 5.Bg2 Nc6 6.Nf3 Bxd2+ 7.Nbxd2 d6 8.O-O a5
9.e4 e5 10.d5 Nb8 11.Qc2 Bg4 12.Nh4 g5 13.Nf5 Bxf5 14.exf5 Nbd7 15.b3 h5
16.h3 h4 17.g4 O-O 18.Rae1 Nh7 19.Re3 Ra6 20.Rfe1 Rfa8 21.Ne4 b6 22.Rf3 Ndf6
23.Nc3 Rb8 24.Nb5 Qd8 25.Qd2 Kg7 26.Rc3 Kh6 27.Rcc1 Nf8 28.Kh2 N8d7 29.Qc3 Rba8
30.Bf1 Qc8 31.Bd3 Qd8 32.Re2 Rc8 33.Re3 Raa8 34.Bf1  1/2-1/2

[Event "Taby op"]
[Site "Taby"]
[Date "1991.??.??"]
[Round "?"]
[White "Akesson, Ralf"]
[Black "Bjork, Carl Magnus"]
[Result "1-0"]
[WhiteElo "2440"]
[BlackElo "2320"]

1.d4 Nf6 2.c4 e6 3.g3 Bb4+ 4.Bd2 Qe7 5.Bg2 Nc6 6.Nf3 Bxd2+ 7.Nbxd2 d6 8.O-O e5
9.d5 Nb8 10.e4 O-O 11.Ne1 a5 12.Nd3 Na6 13.Qc2 c6 14.dxc6 bxc6 15.Qc3 a4
16.b4 axb3 17.axb3 c5 18.f4 Ng4 19.Rfe1 Re8 20.Nf3 Bb7 21.Nh4 g6 22.Nf3 f6
23.Nd2 Bc6 24.Nf1 Qb7 25.h3 Nh6 26.Ne3 Nb4 27.Nf2 Kg7 28.Qd2 Nf7 29.Nfg4 Rxa1
30.Rxa1 Bxe4 31.Bxe4 Qxe4 32.fxe5 fxe5 33.Ra7 Nc6 34.Rxf7+ Kxf7 35.Qf2+ Ke6
36.Qf6+ Kd7 37.Qf7+ Kc8 38.Qxe8+ Nd8 39.Qd7+ Kxd7 40.Nf6+ Ke6 41.Nxe4  1-0

[Event "Valby K41"]
[Site "Valby"]
[Date "1991.??.??"]
[Round "2"]
[White "Razuvaev, Yuri S"]
[Black "Larsen, Bent"]
[Result "1/2-1/2"]
[WhiteElo "2590"]
[BlackElo "2525"]

1.d4 Nf6 2.c4 e6 3.g3 Bb4+ 4.Bd2 Be7 5.Bg2 d5 6.Nf3 O-O 7.O-O Nbd7 8.Qc2 c6
9.Bf4 Ne4 10.Nc3 f5 11.Nxe4 fxe4 12.Ne5 Bf6 13.Rad1 Bxe5 14.dxe5 Qe7 15.b3 b6
16.cxd5 cxd5 17.Qc6 Ba6 18.Bh3 Rae8 19.Rfe1 Qf7 20.Qc7 Nc5 21.Qxf7+ Kxf7
22.Be3 Rc8 23.Bd4 Nd7 24.Rd2 Rc7 25.f3 exf3 26.exf3 Rfc8 27.Kf2 h5 28.f4 g6
29.g4 Rc2 30.Rd1 hxg4 31.Bxg4 Nc5 32.Bxc5 R2xc5 33.h4 Rh8 34.Rh1 Ke7 35.h5 gxh5
36.Rxh5 Rxh5 37.Bxh5 Rc3 38.Bg6  1/2-1/2

[Event "URS-sf"]
[Site "Voronezh"]
[Date "1991.??.??"]
[Round "?"]
[White "Poluljahov, Aleksandr"]
[Black "Sherbakov, Vitaly S"]
[Result "1/2-1/2"]
[WhiteElo "2360"]
[BlackElo "2345"]

1.d4 Nf6 2.c4 e6 3.g3 Bb4+ 4.Nd2 O-O 5.Nf3 b6 6.Bg2 Bb7 7.O-O Be7 8.Qc2 d5
9.cxd5 exd5 10.Ne5 c5 11.dxc5 bxc5 12.Ndc4 Nc6 13.Nxc6 Bxc6 14.Rd1 Rc8 15.Ne3 Re8
16.Nf5 h6 17.e4 d4 18.e5 Bxg2  1/2-1/2

[Event "Warsaw Legion op"]
[Site "Warsaw"]
[Date "1991.??.??"]
[Round "8"]
[White "Urban, Klaudiusz"]
[Black "Rajskij, Eduard"]
[Result "1/2-1/2"]
[WhiteElo "2395"]
[BlackElo "2420"]

1.d4 Nf6 2.c4 e6 3.g3 Bb4+ 4.Bd2 a5 5.Bg2 d5 6.a3 Be7 7.Nf3 O-O 8.O-O c6
9.Qc2 b6 10.Rc1 Nbd7 11.cxd5 cxd5 12.Nc3 Ba6 13.Qa4 Bc4 14.Qd1 Rc8 15.Be1 Bd6
16.Nd2 Ba6 17.Qa4 Nb8 18.e4 dxe4 19.Ncxe4 Be7 20.Rxc8 Bxc8 21.Rc1 Qd7 22.Qxd7 Bxd7
23.Nc4 Rc8 24.Bd2 Nd5 25.Ne5 Rxc1+ 26.Bxc1 Be8 27.Nc3 Nxc3 28.bxc3 b5 29.Kf1 f6
30.Nd3 Bc6 31.Bh3 Bd5 32.Ke1 Kf7 33.Kd2 Nd7 34.Nf4 Bc4 35.d5 Nc5 36.dxe6+ Ke8
37.Kc2 g5 38.Nh5 Bd3+ 39.Kd1 Bg6 40.Ng7+ Kf8 41.Nf5 Ne4 42.Nxe7 Kxe7 43.Be3 Nxc3+
44.Kc1 Ne4 45.Bb6 a4 46.Kb2 Kd6 47.Bf1 Be8 48.Bd3 Bc6 49.Bxe4  1/2-1/2

[Event "Hoogovens-B"]
[Site "Wijk aan Zee"]
[Date "1991.??.??"]
[Round "11"]
[White "Tukmakov, Vladimir B"]
[Black "Martens, Martin"]
[Result "1-0"]
[WhiteElo "2520"]
[BlackElo "2315"]

1.d4 Nf6 2.c4 e6 3.g3 Bb4+ 4.Bd2 Qe7 5.Nf3 Nc6 6.Nc3 d5 7.a3 Bxc3 8.Bxc3 O-O
9.Bg2 Rd8 10.O-O a6 11.Qb3 Rb8 12.Rac1 Bd7 13.Rfd1 a5 14.Ne5 a4 15.Qc2 Be8
16.e3 Ra8 17.Be1 Qd6 18.Nd3 Ra7 19.Nc5 Rda8 20.cxd5 exd5 21.e4 dxe4 22.d5 Ne5
23.Nxe4 Nxe4 24.Bxe4 Bd7 25.Qxc7 Qe7 26.Bc3 Ng6 27.Re1 b5 28.Qb6 Ra6 29.Qd4 Qf8
30.Bb4 Qd8 31.d6 Nf8 32.Bxa8 Qxa8 33.Qe4 Bc6 34.Rxc6 Rxc6 35.d7 Ne6 36.d8=Q+  1-0

[Event "Zalaegerszeg"]
[Site "Zalaegerszeg"]
[Date "1991.??.??"]
[Round "2"]
[White "Vaulin, Alexander"]
[Black "Horvath, Gyula"]
[Result "1-0"]
[WhiteElo "2495"]
[BlackElo "2405"]

1.d4 Nf6 2.c4 e6 3.g3 Bb4+ 4.Bd2 a5 5.Bg2 d6 6.Nc3 e5 7.a3 Bxc3 8.Bxc3 exd4
9.Qxd4 Nc6 10.Qf4 O-O 11.Rd1 Nh5 12.Qf3 Qg5 13.Qd5 h6 14.Qxg5 hxg5 15.Rd5 f5
16.Nf3 Nf6 17.Nxg5 Nxd5 18.Bxd5+ Kh8 19.h4 Ne5 20.c5 Ra6 21.cxd6 Rxd6 22.Bb3 Rb6
23.Bxe5 Rxb3 24.h5 Re8 25.Bc3 Be6 26.h6 Rxc3 27.hxg7+ Kxg7 28.Nxe6+ Rxe6
29.bxc3 Rb6 30.Rh4 Rb3 31.Rc4 c6 32.a4 Ra3 33.Kd2 Kf6 34.Kd3 Ra2 35.f3 Ra1
36.Ke3 Ra2 37.Kf4 Ke6 38.e4 fxe4 39.Rxe4+ Kd5 40.Re5+ Kd6 41.Rxa5 b5 42.Ke4 Kc5
43.g4 Kb6 44.Ra8 Kb7 45.Rd8 bxa4 46.g5 Rg2 47.Kf5 a3 48.g6 a2 49.Rd1 Kb6
50.f4 Kc5 51.Kf6 Kc4 52.f5 Kxc3 53.Kg7 Rd2 54.Ra1 Rd7+ 55.Kh6 Kb2 56.Rxa2+ Kxa2
57.f6  1-0

[Event "Zalakaros op"]
[Site "Zalakaros"]
[Date "1991.??.??"]
[Round "6"]
[White "Monin, Nikolay"]
[Black "Horvath, Gyula"]
[Result "1/2-1/2"]
[WhiteElo "2390"]
[BlackElo "2420"]

1.d4 Nf6 2.c4 e6 3.g3 Bb4+ 4.Bd2 Qe7 5.Nf3 Nc6 6.Nc3 d5 7.Bg2 dxc4 8.O-O O-O
9.a3 Bxc3 10.Bxc3 Nd5 11.Qa4 Nb6 12.Qc2 Bd7 13.e4 Rfd8 14.Rfe1 Qe8 15.e5 h6
16.Nd2 Rab8 17.Bf1 Ne7 18.Nxc4 Nxc4 19.Bxc4 Bb5 20.Ba2 Bc6 21.Rad1  1/2-1/2

[Event "Ajka op"]
[Site "Ajka"]
[Date "1992.??.??"]
[Round "8"]
[White "Kozma, Karoly"]
[Black "Kogan, Artur"]
[Result "1-0"]
[WhiteElo "2340"]
[BlackElo "2350"]

1.d4 Nf6 2.c4 e6 3.g3 Bb4+ 4.Bd2 a5 5.Bg2 d5 6.Nf3 c6 7.Qc2 O-O 8.O-O b6
9.Bg5 Be7 10.Ne5 Nfd7 11.Bxe7 Qxe7 12.Nd3 Ba6 13.Nd2 f5 14.Rfc1 Ra7 15.a3 Nf6
16.Ne5 Ne4 17.f3 Nf6 18.e3 Rc7 19.c5 b5 20.b3 Qd8 21.Qc3 Re7 22.h3 g5 23.f4 Rg7
24.Kh2 Nh5 25.Ndf3 g4 26.hxg4 fxg4 27.Nh4 Rf6 28.b4 Rh6 29.Rh1 a4 30.Bf1 Bb7
31.Bd3 Nd7 32.Kg2 Nxe5 33.dxe5 d4 34.Qd2 Rd7 35.e4 Rf7 36.f5 Qf8 37.Raf1 Bc8
38.f6 Kh8 39.Rf2 Bd7 40.Rff1 Be8 41.Qg5 Rd7 42.Qxg4 Bf7 43.Qg5 Rd8 44.g4 Qg8
45.Qxg8+  1-0

[Event "Akropolis op"]
[Site "Athens"]
[Date "1992.??.??"]
[Round "7"]
[White "Andrianov, Nikolai"]
[Black "Skalkotas, Nikolaos"]
[Result "1/2-1/2"]
[WhiteElo "2440"]
[BlackElo "2355"]

1.d4 Nf6 2.c4 e6 3.g3 Bb4+ 4.Bd2 a5 5.Bg2 d5 6.Qc2 Nc6 7.Nf3 dxc4 8.Qxc4 Qd5
9.Qd3 Qe4 10.Qxe4 Nxe4 11.a3 Bd6 12.Bf4 a4 13.O-O Bxf4 14.gxf4 Na5 15.Nbd2 Nxd2
16.Nxd2 Bd7 17.Rfc1 Bc6 18.Bxc6+ bxc6 19.Rc2 Ke7 20.Nf3  1/2-1/2

[Event "Bagneux"]
[Site "Bagneux"]
[Date "1992.??.??"]
[Round "4"]
[White "Dubreuil, Nicolas"]
[Black "Stempin, Pawel"]
[Result "1/2-1/2"]
[WhiteElo "2300"]
[BlackElo "2440"]

1.d4 Nf6 2.c4 e6 3.g3 Bb4+ 4.Bd2 Be7 5.Bg2 d5 6.Nf3 O-O 7.O-O c6 8.Qc2 Nbd7
9.b3 b6 10.Bc3 Bb7 11.Nbd2 Rc8 12.e4 c5 13.exd5 exd5 14.Ne5 b5 15.Qf5 bxc4
16.Nxd7 Qxd7 17.Qxd7 Nxd7 18.bxc4 Nb6 19.Rac1 Ba6 20.Rfe1 cxd4 21.Rxe7 dxc3
22.Rxc3 d4 23.Rd3 Nxc4 24.Bb7 Bxb7 25.Rxb7 Ne5 26.Rxd4 Rc2 27.Rd5 Rxd2 28.Rxe5 Rxa2
29.Ree7 a6 30.Ra7 g6 31.Red7 h5 32.h4 Kg7 33.Rd6 Re8 34.Rdxa6 Rxa6 35.Rxa6 Re1+  1/2-1/2

[Event "SWE-chB"]
[Site "Borlange"]
[Date "1992.??.??"]
[Round "2"]
[White "Solin, Niclas"]
[Black "Eriksson, Anders"]
[Result "0-1"]
[WhiteElo "2300"]
[BlackElo "2270"]

1.d4 Nf6 2.c4 e6 3.g3 Bb4+ 4.Bd2 Qe7 5.Nf3 O-O 6.Bg2 Bxd2+ 7.Qxd2 d6 8.Nc3 e5
9.e4 a5 10.O-O Na6 11.h3 Re8 12.d5 c6 13.Ne1 cxd5 14.cxd5 Bd7 15.Qe2 Reb8
16.Nd3 b5 17.a4 b4 18.Nd1 Bc8 19.Ne3 Nd7 20.Nc4 Nac5 21.Nxc5 Nxc5 22.Qe3 Ba6
23.Nxa5 Bxf1 24.Nc6 Qb7 25.Bxf1 Rxa4 26.Rxa4 Nxa4 27.Nxb8 Qxb8 28.h4 h6 29.Kh2 Kf8
30.f4 Qb6 31.Qxb6 Nxb6 32.fxe5 dxe5 33.Kg2 Na4 34.b3 Nc3 35.Bc4 Nxe4 36.Kf3 Nd2+
37.Ke3 Nxc4+ 38.bxc4 b3 39.Kd2 e4 40.c5 Ke7 41.Kc3 e3  0-1

[Event "Spring op"]
[Site "Budapest"]
[Date "1992.??.??"]
[Round "?"]
[White "Korpics, Zsolt"]
[Black "Mandl, Robert"]
[Result "1-0"]
[WhiteElo "2260"]
[BlackElo "2415"]

1.d4 Nf6 2.c4 e6 3.g3 Bb4+ 4.Bd2 c5 5.Nf3 Qb6 6.a3 Bxd2+ 7.Qxd2 Ne4 8.Qc2 f5
9.Nbd2 Na6 10.Bg2 cxd4 11.Nxe4 fxe4 12.Qxe4 Qxb2 13.O-O d3 14.exd3 Qf6 15.Nd4 Nc7
16.a4 O-O 17.Nb5 d5 18.Qe3 Nxb5 19.axb5 dxc4 20.dxc4 a5 21.Ra4 Rd8 22.c5 Qb2
23.Qg5 Rd4 24.Qe7 Bd7 25.Rxd4 Qxd4 26.c6 bxc6 27.bxc6 Bxc6 28.Qxe6+ Kh8 29.Qxc6 Rd8
30.Re1 Rf8 31.Bf3 Qd8 32.Kg2 h6 33.Qg6 Qd4 34.Re8  1-0

[Event "Spring op"]
[Site "Budapest"]
[Date "1992.??.??"]
[Round "?"]
[White "Shipov, Sergei"]
[Black "Pogorelov, Ruslan"]
[Result "1/2-1/2"]
[WhiteElo "2460"]
[BlackElo "2385"]

1.d4 Nf6 2.c4 e6 3.g3 Bb4+ 4.Bd2 Be7 5.Bg2 d5 6.Nf3 c6 7.Qc2 Nbd7 8.O-O O-O
9.b3 b6 10.Rd1 Ba6 11.a4 Rc8 12.a5 b5 13.c5 Ne4 14.b4 f5 15.Bf4 g5 16.Be5 g4
17.Ne1 Nxe5 18.dxe5 Qc7 19.Nd3 Rce8 20.Nd2 Nxd2 21.Qxd2 Bd8 22.Qh6  1/2-1/2

[Event "Spring op"]
[Site "Budapest"]
[Date "1992.??.??"]
[Round "?"]
[White "Stajcic, Nikola"]
[Black "Demina, Julia"]
[Result "1/2-1/2"]
[WhiteElo "2320"]
[BlackElo "2390"]

1.d4 Nf6 2.c4 e6 3.g3 Bb4+ 4.Bd2 Bxd2+ 5.Qxd2 d5 6.Nf3 O-O 7.Bg2 c6 8.O-O Nbd7
9.Qc2 b6 10.Nbd2 Bb7 11.e4 dxe4 12.Nxe4 Nxe4 13.Qxe4 Nf6 14.Qe3 Rc8 15.Ne5 Qe7
16.Rfd1 Rfd8 17.Rd3 c5 18.Bxb7 Qxb7 19.Rad1 cxd4 20.Rxd4 Rxd4 21.Rxd4 h5
22.b4 Qc7 23.h3 Rd8 24.b5 Rxd4 25.Qxd4 Ne8 26.Nc6 a6 27.a4 axb5 28.axb5 Nd6
29.Qe5 Qd7 30.Qd4 Qc7 31.Qe5  1/2-1/2

[Event "Donau Cup op"]
[Site "Budapest"]
[Date "1992.??.??"]
[Round "10"]
[White "Tregubov, Pavel V"]
[Black "Kaiumov, Dmitry D"]
[Result "0-1"]
[WhiteElo "2385"]
[BlackElo "2395"]

1.d4 Nf6 2.c4 e6 3.g3 Bb4+ 4.Bd2 Be7 5.Bg2 d5 6.Nf3 O-O 7.O-O c6 8.b3 b6
9.Bf4 Bb7 10.Nc3 Nbd7 11.Qc2 Nh5 12.Bc1 f5 13.Na4 Nhf6 14.Nb2 Ne4 15.Nd3 Bf6
16.Ba3 Re8 17.Rad1 Rc8 18.Nfe5 Nxe5 19.dxe5 Be7 20.Bb2 Qc7 21.Nf4 Bf8 22.e3 b5
23.Rc1 bxc4 24.bxc4 Qa5 25.Rfd1 Ba6 26.Bf1 Bb4 27.a3 Bf8 28.Bd3 Nc5 29.Bc3 Qa4
30.Qxa4 Nxa4 31.Bd4 c5 32.Ba1 Bxc4 33.Bxc4 dxc4 34.Rd7 a6 35.Ra7 Rc6 36.Rxc4 Nb6
37.Rxa6  0-1

[Event "Buenos Aires"]
[Site "Buenos Aires"]
[Date "1992.??.??"]
[Round "?"]
[White "Chernin, Alexander"]
[Black "Larsen, Bent"]
[Result "1/2-1/2"]
[WhiteElo "2620"]
[BlackElo "2535"]

1.d4 Nf6 2.c4 e6 3.g3 Bb4+ 4.Nd2 O-O 5.Bg2 d5 6.Nf3 b6 7.O-O Bb7 8.cxd5 Bxd5
9.Qc2 Nbd7 10.a3 Bxd2 11.Bxd2 c5 12.dxc5 Nxc5 13.b4 Nb3 14.Rad1 Rc8 15.Qb2 Nxd2
16.Nxd2 Bxg2 17.Kxg2 Qc7 18.Rc1 Qb7+ 19.Nf3  1/2-1/2